|
|
|
|
| LEADER |
00000nab a2200000 a 4500 |
| 001 |
vtls000597507 |
| 003 |
SK-MaSNL |
| 005 |
20260303015721.0 |
| 008 |
160205c1995 xo 0 slo |
| 015 |
|
|
|a SNBRA19rr/mm-uuuuu
|
| 035 |
|
|
|a CL0597646
|
| 040 |
|
|
|a SNKBUCL
|b slo
|c SNKBUCL
|e AACR2
|
| 041 |
0 |
|
|a slo
|
| 044 |
|
|
|a xo
|c SK
|
| 080 |
|
|
|a 82.0:82-1/-9
|2 1981
|
| 080 |
|
|
|a 82.033:885.4-3(087.5)
|2 1981
|
| 080 |
|
|
|a 885.4-3(087.5).033
|2 1981
|
| 100 |
1 |
|
|a Stanislavová, Zuzana,
|d 1951-
|4 aut
|9 88135
|
| 245 |
1 |
0 |
|a Novela ako žánrový priestor dospievania
|c Zuzana Stanislavová
|
| 300 |
|
|
|b Lit. v pozn.
|
| 650 |
0 |
7 |
|a literatúra pre deti a mládež
|2 snkbucl
|9 21893
|
| 650 |
0 |
7 |
|a novela
|2 snkbucl
|9 1443
|
| 655 |
|
7 |
|a články zo zborníkov
|2 snkbucl
|9 166140
|
| 655 |
|
7 |
|a články z odboru literárna veda a krásna literatúra
|2 snkbucl
|9 770045
|
| 773 |
0 |
|
|t Žánrové hodnoty literatúry pre deti a mládež 2
|d Nitra : Vysoká škola pedagogická, 1995
|g S. 7-15
|z 8088738938
|
| 850 |
|
|
|a Slovenská národná knižnica v Martine
|a MTA001
|
| 852 |
|
|
|a SNK
|b KIS3GCP
|
| 958 |
|
|
|a NB
|
| 958 |
|
|
|a RK
|
| 958 |
|
|
|a LX
|
| 958 |
|
|
|a SK
|
| 992 |
|
|
|a RZB
|
| 999 |
|
|
|c 1614294
|d 1616224
|